Eastern Utah Libraries Catalog: Duchesne, Heber, Roosevelt, & Vernal

Today will be different : (Record no. 211711)

MARC details
000 -LEADER
fixed length control field 02484cam a2200493 i 4500
001 - CONTROL NUMBER
control field 2371384
005 - DATE AND TIME OF LATEST TRANSACTION
control field 20211101141542.0
008 - FIXED-LENGTH DATA ELEMENTS--GENERAL INFORMATION
fixed length control field 160118s2016 nyuaf 000 1 eng d
020 ## - INTERNATIONAL STANDARD BOOK NUMBER
International Standard Book Number 9780316403436 (hbk.) : :
Terms of availability $27.00
020 ## - INTERNATIONAL STANDARD BOOK NUMBER
International Standard Book Number 0316403431 (hbk.) : :
Terms of availability $27.00
035 ## - SYSTEM CONTROL NUMBER
System control number 2253259
035 ## - SYSTEM CONTROL NUMBER
System control number (OCoLC)935195821
035 ## - SYSTEM CONTROL NUMBER
System control number (OCoLC)ocn935195821
035 ## - SYSTEM CONTROL NUMBER
System control number 2357204
035 ## - SYSTEM CONTROL NUMBER
System control number 2360281
035 ## - SYSTEM CONTROL NUMBER
System control number 2360281
040 ## - CATALOGING SOURCE
Original cataloging agency BTCTA
Language of cataloging eng
Description conventions rda
Transcribing agency BTCTA
Modifying agency YDXCP
-- BDX
-- WIM
-- AZZPT
-- JDP
-- KGG
-- UPZ
-- TnLv ILS
043 ## - GEOGRAPHIC AREA CODE
Geographic area code n-us-wa
049 ## - LOCAL HOLDINGS (OCLC)
Holding library IGAA
082 04 - DEWEY DECIMAL CLASSIFICATION NUMBER
Classification number 813/.6
Edition number 23
092 ## - LOCALLY ASSIGNED DEWEY CALL NUMBER (OCLC)
Classification number F
999 ## - SYSTEM CONTROL NUMBERS (KOHA)
Koha Dewey Subclass [OBSOLETE] F
100 1# - MAIN ENTRY--PERSONAL NAME
Personal name Semple, Maria.
Relator term author
9 (RLIN) 5875739
245 10 - TITLE STATEMENT
Title Today will be different :
Remainder of title a novel /
Statement of responsibility, etc Maria Semple.
250 ## - EDITION STATEMENT
Edition statement First edition.
264 #1 - Production, Publication, Distribution, Manufacture, and Copyright Notice.
Place of production, publication, distribution, manufacture New York :
Name of producer, publisher, distributor, manufacturer Little, Brown and Company,
Date of production, publication, distribution, manufacture, or copyr 2016.
300 ## - PHYSICAL DESCRIPTION
Extent 259 pages, 16 unnumbered pages of plates :
Other physical details color illustrations ;
Dimensions 23 cm
336 ## - Content Type
Content type term text
337 ## - Media type
Media type term unmediated
338 ## - Carrier type
Carrier type term volume
520 ## - SUMMARY, ETC.
Summary, etc Eleanor knows she's a mess. But today, she will tackle the little things. She will shower and get dressed. She will have her poetry and yoga lessons after dropping off her son, Timby. She won't swear. She will initiate sex with her husband, Joe. But before she can put her modest plan into action--life happens. Today, it turns out, is the day Timby has decided to fake sick to weasel his way into his mother's company. It's also the day Joe has chosen to tell his office--but not Eleanor--that he's on vacation. Just when it seems like things can't go more awry, an encounter with a former colleague produces a graphic memoir whose dramatic tale threatens to reveal a buried family secret. A hilarious, heart-filled story about reinvention, sisterhood, and how sometimes it takes facing up to our former selves to truly begin living.
650 #0 - SUBJECT ADDED ENTRY--TOPICAL TERM
Topical term or geographic name as entry element Mothers and sons
Form subdivision Fiction.
9 (RLIN) 5673695
650 #0 - SUBJECT ADDED ENTRY--TOPICAL TERM
Topical term or geographic name as entry element Animators
Form subdivision Fiction.
9 (RLIN) 6432461
650 #0 - SUBJECT ADDED ENTRY--TOPICAL TERM
Topical term or geographic name as entry element Family secrets
Form subdivision Fiction.
9 (RLIN) 5674538
650 #7 - SUBJECT ADDED ENTRY--TOPICAL TERM
Topical term or geographic name as entry element FICTION / Contemporary Women
Source of heading or term bisacsh
9 (RLIN) 5676127
650 #7 - SUBJECT ADDED ENTRY--TOPICAL TERM
Topical term or geographic name as entry element FICTION / Family Life
Source of heading or term bisacsh
9 (RLIN) 5679128
650 #7 - SUBJECT ADDED ENTRY--TOPICAL TERM
Topical term or geographic name as entry element FICTION / Humorous
Source of heading or term bisacsh
9 (RLIN) 5709832
650 #7 - SUBJECT ADDED ENTRY--TOPICAL TERM
Topical term or geographic name as entry element FICTION / Literary
Source of heading or term bisacsh
9 (RLIN) 5675423
651 #0 - SUBJECT ADDED ENTRY--GEOGRAPHIC NAME
Geographic name Seattle (Wash.)
Form subdivision Fiction.
9 (RLIN) 5675659
655 #7 - INDEX TERM--GENRE/FORM
Genre/form data or focus term Humorous fiction.
Source of term lcgft
655 #7 - INDEX TERM--GENRE/FORM
Genre/form data or focus term Domestic fiction.
Source of term lcgft
787 0# - NONSPECIFIC RELATIONSHIP ENTRY
Note OCLC Work Id
Other item identifier http://worldcat.org/entity/work/id/458680
942 ## - ADDED ENTRY ELEMENTS (KOHA)
Source of classification or shelving scheme Dewey Decimal Classification
Koha item type BOOK
Holdings
Withdrawn status Lost status Source of classification or shelving scheme Damaged status Not for loan Collection code Home library Current library Shelving location Date acquired Source of acquisition Total Checkouts Total Renewals Full call number Barcode Date last seen Date checked out Cost, replacement price Price effective from Koha item type
    Dewey Decimal Classification     Fiction Wasatch County Library Wasatch County Library First Floor 10/02/2023 Donation 7 7 F Semple 34301002020834 04/09/2025 01/23/2025 16.99 10/02/2023 BOOK
This project was made possible through a grant from the Institute of Museum and Library Service administered by the Utah State Library Division.

Wasatch County Library

  • 465 East 1200 South, Heber City, Utah 84032
  • Phone 435-654-1511 | Fax 435-654-6456

Hours

  • Monday - Friday 9:30 AM - 8:00 PM
  • Saturday 9:30 AM - 1:30 PM
  • Closed Sundays and Holidays